| 000 | 00457nam a2200157Ia 4500 | ||
|---|---|---|---|
| 008 | 210716s2012 xx 000 0 und d | ||
| 020 | _a9789381505045 | ||
| 041 | _aeng | ||
| 082 | _a658.804 DHUM | ||
| 100 | _aDhunna, Mukesh. | ||
| 245 |
_aServices marketing: an Indian perspective text and cases. _bIndian perspective text and cases. |
||
| 250 | _a1 | ||
| 260 |
_aNew Delhi _bWisdom Publicatioms _c2012 |
||
| 300 | _a427 | ||
| 650 | _aServices Marketing | ||
| 999 |
_c207667 _d207667 |
||